<?xml version="1.0" encoding="UTF-8"?>
<record
    xmlns:xsi="http://www.w3.org/2001/XMLSchema-instance"
    xsi:schemaLocation="http://www.loc.gov/MARC21/slim http://www.loc.gov/standards/marcxml/schema/MARC21slim.xsd"
    xmlns="http://www.loc.gov/MARC21/slim">

  <leader>01359cam a22002891a 4500</leader>
  <controlfield tag="001">82866</controlfield>
  <controlfield tag="003">BD-RjUL</controlfield>
  <controlfield tag="005">20240130131048.0</controlfield>
  <controlfield tag="008">240130s1960    ir afh   b    000 0 per d</controlfield>
  <datafield tag="035" ind1=" " ind2=" ">
    <subfield code="a">(BD-RjUL)82866</subfield>
  </datafield>
  <datafield tag="040" ind1=" " ind2=" ">
    <subfield code="a">DRP</subfield>
    <subfield code="b">eng</subfield>
    <subfield code="c">DRP</subfield>
    <subfield code="d">OCLCG</subfield>
    <subfield code="d">BD-RjUL</subfield>
  </datafield>
  <datafield tag="041" ind1=" " ind2=" ">
    <subfield code="a">per</subfield>
  </datafield>
  <datafield tag="082" ind1="0" ind2="4">
    <subfield code="a">332.40420297</subfield>
    <subfield code="2">23</subfield>
    <subfield code="b">SHT 1960</subfield>
  </datafield>
  <datafield tag="100" ind1="1" ind2=" ">
    <subfield code="a">&#x200F;&#x634;&#x648;&#x634;&#x62A;&#x631;&#x649;&#x60C; &#x645;&#x62D;&#x645;&#x62F; &#x639;&#x644;&#x649; &#x627;&#x645;&#x627;&#x645;.;;    Sh&#x16B;shtar&#x12B;, Mu&#x1E25;ammad &#x2BB;Al&#x12B; Im&#x101;m,</subfield>
    <subfield code="d">1864 or 1865-1972.</subfield>
    <subfield code="9">11273</subfield>
  </datafield>
  <datafield tag="245" ind1="1" ind2="0">
    <subfield code="a">&#x62A;&#x627;&#x631;&#x64A;&#x62E; &#x645;&#x642;&#x64A;&#x627;&#x633;&#x627;&#x62A; &#x648; &#x646;&#x642;&#x648;&#x62F; &#x62F;&#x631; &#x62D;&#x643;&#x648;&#x645;&#x62A; &#x627;&#x633;&#x644;&#x627;&#x645;&#x649;   ;; T&#x101;r&#x12B;kh-i miqy&#x101;s&#x101;t va-nuq&#x16B;d dar &#x1E25;uk&#x16B;mat-i Isl&#x101;m&#x12B; /</subfield>
    <subfield code="c">&#x200F;&#x646;&#x648;&#x634;&#x62A;&#x647; &#x645;&#x62D;&#x645;&#x62F; &#x639;&#x644;&#x649; &#x627;&#x645;&#x627;&#x645; &#x634;&#x648;&#x634;&#x62A;&#x631;&#x649;.  ;;  nivishtah-i Mu&#x1E25;ammad &#x2BB;Al&#x12B; Imam Sh&#x16B;shtar&#x12B;.</subfield>
  </datafield>
  <datafield tag="260" ind1=" " ind2=" ">
    <subfield code="a">Tihr&#x101;n :&#x200F;&#x62A;&#x647;&#x631;&#x627;&#x646; :&#x200F;</subfield>
    <subfield code="b">Ch&#x101;pkh&#x101;nah-i D&#x101;nishsar&#x101;-yi &#x2BB;&#x100;l&#x12B;,&#x200F;&#x686;&#x627;&#x67E;&#x62E;&#x627;&#x646;&#x647; &#x62F;&#x627;&#x646;&#x634;&#x633;&#x631;&#x627;&#x649; &#x639;&#x627;&#x644;&#x649;&#x60C;&#x200F;  </subfield>
    <subfield code="c">1339 [1960 or 61]</subfield>
  </datafield>
  <datafield tag="300" ind1=" " ind2=" ">
    <subfield code="a">107 pages, 7 unnumbered leaves of plates :</subfield>
    <subfield code="b">illustrations, facsimiles ;</subfield>
    <subfield code="c">24 cm</subfield>
  </datafield>
  <datafield tag="504" ind1=" " ind2=" ">
    <subfield code="a">Includes bibliographical references (pages 3-4).</subfield>
  </datafield>
  <datafield tag="650" ind1=" " ind2="0">
    <subfield code="a">Weights and measures, Arab.</subfield>
    <subfield code="9">11274</subfield>
  </datafield>
  <datafield tag="650" ind1=" " ind2="0">
    <subfield code="a">Numismatics, Arabic.</subfield>
    <subfield code="9">11275</subfield>
  </datafield>
  <datafield tag="650" ind1=" " ind2="0">
    <subfield code="a">Weights and measures, Islamic.</subfield>
    <subfield code="9">11276</subfield>
  </datafield>
  <datafield tag="650" ind1=" " ind2="0">
    <subfield code="a">Islamic coins.</subfield>
    <subfield code="9">2505</subfield>
  </datafield>
  <datafield tag="650" ind1=" " ind2="6">
    <subfield code="a">Monnaies islamiques.</subfield>
    <subfield code="9">11277</subfield>
  </datafield>
  <datafield tag="650" ind1=" " ind2="7">
    <subfield code="a">Islamic coins.</subfield>
    <subfield code="2">fast</subfield>
    <subfield code="0">(OCoLC)fst01730304</subfield>
    <subfield code="9">2505</subfield>
  </datafield>
  <datafield tag="942" ind1=" " ind2=" ">
    <subfield code="2">ddc</subfield>
    <subfield code="c">BK</subfield>
  </datafield>
  <datafield tag="999" ind1=" " ind2=" ">
    <subfield code="c">82866</subfield>
    <subfield code="d">82866</subfield>
  </datafield>
  <datafield tag="952" ind1=" " ind2=" ">
    <subfield code="0">0</subfield>
    <subfield code="1">0</subfield>
    <subfield code="2">ddc</subfield>
    <subfield code="4">0</subfield>
    <subfield code="7">1</subfield>
    <subfield code="8">NFIC</subfield>
    <subfield code="a">RUCL</subfield>
    <subfield code="b">RUCL</subfield>
    <subfield code="c">Reading</subfield>
    <subfield code="d">2024-01-30</subfield>
    <subfield code="l">0</subfield>
    <subfield code="o">F 332.40420297 SHT 1960</subfield>
    <subfield code="r">2024-01-30 00:00:00</subfield>
    <subfield code="t">C-1</subfield>
    <subfield code="w">2024-01-30</subfield>
    <subfield code="y">BK</subfield>
  </datafield>
</record>
